00416nam a22001577a 4500003000900000005001700009008004100026040001300067082001800080100002300098245004100121260004200162300002200204650001900226650001300245BDDh-ASL20231015025941.0210116s1989 b ||||| |||| 00| 0 eng d cBDDh-ASL a301.5492bSOC1 aAhamed, Emajuddin 00aSociety and Politics in Bangladesh / aDhaka: bAcademic Publishers, c1989. a174 p.: c22 cm.  0aSocial Science 0aPolitics